000 00409 a2200133 4500
000 nam a22 7a 4500
100 _aमीना, ओमप्रकाश
110 _aमीना, ओमप्रकाश
245 _aलोक प्रशासन एक परिचय
250 _alatest edition
260 _bBookmen Associates
_c2024
264 _bBookmen Associates
_c2024
942 _cBK
999 _c394399
_d394399